000 00443nam a2200169Ia 4500
003 LK-CoDNM
008 010623t2004 xxu||||| |||| 00| 1 eng d
040 _aLK-CoDNM
_dLK-CoDNM
_eLK-CoDNM
041 _aeng
080 _a34
_bWee
100 _aWeeratna,D.A.P
245 _aImportant Concepts in Section 66 Applications Under the Primary Courts'Procedure Act
260 _b
_c2004
300 _bp.103, 21 cm
650 _aAct
942 _cBK
999 _c123451
_d123451